Proving collaboration pays (Record no. 105787)

MARC details
000 -LEADER
fixed length control field 01137cam a2200217 4500
001 - CONTROL NUMBER
control field ##L134716
008 - FIXED-LENGTH DATA ELEMENTS--GENERAL INFORMATION
fixed length control field 060829n2006 000 0 eng u
035 ## - SYSTEM CONTROL NUMBER
System control number (Sirsi) u134716
041 0# - LANGUAGE CODE
Language code of text/sound track or separate title eng
050 04 - LIBRARY OF CONGRESS CALL NUMBER
Classification number 690.0285 $2 18
110 2# - MAIN ENTRY--CORPORATE NAME
Corporate name or jurisdiction name as entry element Network for Construction Collaboration Technology Providers
9 (RLIN) 5027
245 00 - TITLE STATEMENT
Title Proving collaboration pays
Remainder of title study report
260 ## - PUBLICATION, DISTRIBUTION, ETC.
Place of publication, distribution, etc. [S.l.]
Name of publisher, distributor, etc. NCCTP
Date of publication, distribution, etc. 2006
520 ## - SUMMARY, ETC.
Summary, etc. Research study looking at the use of online construction collaboration systems or project extranets. The study, which surveyed 195 companies, reveals that 74% of clients favour contractors with experience of using web-based collaboration systems to deliver construction projects. Key benefits include: better communications, faster drawing approvals; improved accountability; better project management; improved document control; and competitive differentiation.
590 ## - LOCAL NOTE (RLIN)
Local note IKA050906
651 #4 - SUBJECT ADDED ENTRY--GEOGRAPHIC NAME
Geographic name United Kingdom
Chronological subdivision
690 ## - LOCAL SUBJECT ADDED ENTRY--TOPICAL TERM (OCLC, RLIN)
Topical term or geographic name as entry element Project management
9 (RLIN) 6261
710 2# - ADDED ENTRY--CORPORATE NAME
Corporate name or jurisdiction name as entry element Benchmark Research
9 (RLIN) 5028
856 40 - ELECTRONIC LOCATION AND ACCESS
Uniform Resource Identifier <a href="https://www.ncctp.net/marketresearch.htm">https://www.ncctp.net/marketresearch.htm</a>
Public note View the report free of charge at www.ncctp.net...
942 ## - ADDED ENTRY ELEMENTS (KOHA)
Suppress in OPAC 0
Holdings
Withdrawn status Lost status Source of classification or shelving scheme Damaged status Not for loan Home library Current library Shelving location Date acquired Total Checkouts Full call number Barcode Date last seen Copy number Price effective from Koha item type
    Dewey Decimal Classification     Virtual Virtual Online 29/08/2006   ONLINE PUBLICATION 134716-2001 06/08/2019 1 06/08/2019 Book